LEADER 03049nam a2200769 i 4500
001 nkc20182990966
003 CZ PrNK
005 20180709071518.0
007 ta
008 180406s2018 xr e 000 0acze
015 |a cnb002990966 
020 |a 978-80-7566-004-6  |q (brožováno) 
035 |a (OCoLC)1043899840 
040 |a ABA001  |b cze  |e rda 
041 1 |a cze  |h fre 
043 |a e-fr--- 
045 |a x6y- 
072 7 |a 27  |x Křesťanství. Křesťanská církev všeobecně. Eklesiologie  |2 Konspekt  |9 5 
072 7 |a 929  |x Biografie  |2 Konspekt  |9 8 
080 |a 272-726.3  |2 MRF 
080 |a 2-184.35-051  |2 MRF 
080 |a 78.071.1/.2  |2 MRF 
080 |a 929  |2 MRF 
080 |a 27-184.35  |2 MRF 
080 |a 27-726.3-733  |2 MRF 
080 |a 279.127  |2 MRF 
080 |a 27-46  |2 MRF 
080 |a (44)  |2 MRF 
080 |a (092)  |2 MRF 
100 0 |a René-Luc,  |d 1966-  |7 jx20130913007  |4 aut 
240 1 0 |a Dieu en plein cœur.  |l Česky 
245 1 0 |a Vychoval mě gangster /  |c René-Luc ; z francouzského originálu Dieu en plein cœur ... přeložila Veronika Kloučková 
250 |a Vydání druhé, rozšířené 
264 1 |a V Praze :  |b Karmelitánské nakladatelství,  |c 2018 
300 |a 161 stran ;  |c 19 cm 
336 |a text  |b txt  |2 rdacontent 
337 |a bez média  |b n  |2 rdamedia 
338 |a svazek  |b nc  |2 rdacarrier 
490 1 |a Osudy ;  |v svazek 49 
504 |a Obsahuje bibliografické odkazy 
600 0 7 |a René-Luc,  |d 1966-  |7 jx20130913007  |2 czenas 
648 7 |a 20.-21. století  |7 ch462155  |2 czenas 
648 7 |a 20. století  |7 ch460558  |2 czenas 
648 4 |a 1966- 
650 0 7 |a katoličtí kněží  |7 ph114899  |z Francie  |y 20.-21. století  |2 czenas 
650 0 7 |a náboženští konvertité  |7 ph123389  |z Francie  |y 20.-21. století  |2 czenas 
650 0 7 |a rockoví hudebníci  |7 ph125178  |z Francie  |y 20.-21. století  |2 czenas 
650 0 7 |a náboženské konverze  |7 ph123377  |z Francie  |y 20. století  |2 czenas 
650 0 7 |a kněžství  |7 ph121685  |z Francie  |y 20.-21. století  |2 czenas 
650 0 7 |a charismatická hnutí  |7 ph119127  |z Francie  |y 20.-21. století  |2 czenas 
650 0 7 |a pastorace  |7 ph123988  |z Francie  |y 20.-21. století  |2 czenas 
650 0 9 |a Catholic priests  |z France  |y 20th-21st centuries  |2 eczenas 
650 0 9 |a religious converts  |z France  |y 20th-21st centuries  |2 eczenas 
650 0 9 |a rock musicians  |z France  |y 20th-21st centuries  |2 eczenas 
650 0 9 |a religious conversions  |z France  |y 20th century  |2 eczenas 
650 0 9 |a priesthood  |z France  |y 20th-21st centuries  |2 eczenas 
650 0 9 |a charismatic movements  |z France  |y 20th-21st centuries  |2 eczenas 
650 0 9 |a pastoral care  |z France  |y 20th-21st centuries  |2 eczenas 
655 7 |a autobiografie  |7 fd131855  |2 czenas 
655 9 |a autobiography  |2 eczenas 
700 1 |a Kloučková, Veronika  |7 xx0143472  |4 trl 
830 0 |a Osudy (Karmelitánské nakladatelství)  |0 s 
910 2 |a BOA001  |b 1-1410.107 
990 |a BK 
995 |a 01 
991 |b 201806  |c NOV 
996 6 |b 2610746442  |c 1-1410.107  |l MZK  |r Sklad / do 1 hodiny  |n 0  |p p.v.  |w 001669635  |u 000010  |a 1  |e BOA001  |j MZK50  |s P